[Event "Paul Keres mem (22nd)"]
[Site "Vancouver CAN"]
[Date "1997.05.17"]
[Round "3.6"]
[White "Milicevic, Dragoljub"]
[Black "Neufeld, John"]
[Result "1-0"]
[WhiteElo "2230"]
[BlackElo "2005"]
[PlyCount "100"]
[GameId "2160767911965905"]
[EventDate "1997.05.16"]
[EventType "swiss"]
[EventRounds "7"]
[EventCountry "CAN"]

1. c4 Nf6 2. g3 c6 3. Bg2 e6 4. Nf3 d5 5. d4 Be7 6. O-O O-O 7. b3 Nbd7 8. Bb2 Qc7 9. Nbd2 h6 10. Qc2 Re8 11. Rac1 Bd6 12. e4 Nxe4 13. Nxe4 dxe4 14. Qxe4 Nf6 15. Qe2 Qd8 16. Rcd1 Qc7 17. Rd3 Bd7 18. Rfd1 Rad8 19. Ne5 Bc8 20. f4 Nd7 21. Re3 Nxe5 22. fxe5 Bf8 23. Be4 b6 24. Qg2 Bb7 25. h4 Rd7 26. g4 Red8 27. Red3 c5 28. d5 exd5 29. cxd5 Ba6 30. d6 Qb8 31. Rg3 Bb7 32. g5 Bxe4 33. Qxe4 h5 34. g6 Qb7 35. Qf5 fxg6 36. Qxg6 b5 37. Qe6+ Kh8 38. Rf1 Qe4 39. Qf5 Qxf5 40. Rxf5 Kh7 41. Rxh5+ Kg8 42. Rhg5 Re8 43. Rg6 c4 44. h5 Kh7 45. h6 gxh6 46. Rg8 Rc8 47. bxc4 bxc4 48. Bc3 Rb8 49. Rxf8 Rxf8 50. e6 Rb7 1-0

[Event "Paul Keres mem (22nd)"]
[Site "Vancouver CAN"]
[Date "1997.05.17"]
[Round "3.7"]
[White "Krzyzowski, Ernest"]
[Black "Kostadinov, George"]
[Result "1-0"]
[WhiteElo "1938"]
[BlackElo "2182"]
[PlyCount "104"]
[GameId "2160767911965906"]
[EventDate "1997.05.16"]
[EventType "swiss"]
[EventRounds "7"]
[EventCountry "CAN"]

1. c4 f5 2. Nc3 Nf6 3. g3 g6 4. Nf3 Bg7 5. Bg2 c5 6. O-O Nc6 7. d4 cxd4 8. Nxd4 O-O 9. Nxc6 bxc6 10. e4 fxe4 11. Nxe4 Nxe4 12. Bxe4 Rb8 13. Qc2 d5 14. cxd5 cxd5 15. Rd1 e6 16. Rb1 Bd7 17. Bg2 Qa5 18. b3 Rbc8 19. Qe2 Qc5 20. Be3 d4 21. Rbc1 Qb6 22. Rxc8 Rxc8 23. Bf4 Qa5 24. Bh3 Qd5 25. Bg2 Qf5 26. Be4 Qf6 27. Qd2 e5 28. Bg5 Qf7 29. Rc1 Rxc1+ 30. Qxc1 Bf5 31. Qc6 Bxe4 32. Qxe4 h6 33. Bd2 Kh7 34. f4 exf4 35. Bxf4 Qd7 36. Qd3 Qd5 37. h4 a5 38. Bd2 Qe5 39. Kf2 Qd5 40. Qf3 Qc5 41. Qe4 h5 42. Kf3 Qb5 43. Kf2 a4 44. bxa4 Qxa4 45. Qb1 Qa8 46. Bf4 Qd5 47. Qb3 Qe4 48. Qf3 Qc2+ 49. Qe2 d3 50. Qd2 Bd4+ 51. Kf1 Qb1+ 52. Qe1 Qb7 1-0

[Event "Paul Keres mem (22nd)"]
[Site "Vancouver CAN"]
[Date "1997.05.17"]
[Round "3.8"]
[White "Seid, Hee"]
[Black "Higgs, Ian"]
[Result "1-0"]
[WhiteElo "2198"]
[BlackElo "1950"]
[PlyCount "107"]
[GameId "2160767911965907"]
[EventDate "1997.05.16"]
[EventType "swiss"]
[EventRounds "7"]
[EventCountry "CAN"]

1. d4 Nf6 2. Nf3 g6 3. e3 Bg7 4. c4 O-O 5. Be2 c6 6. Nc3 d5 7. O-O Re8 8. b4 a6 9. a4 Nbd7 10. Ba3 e5 11. Qb3 e4 12. Nd2 Nf8 13. b5 Be6 14. Rfb1 axb5 15. c5 bxa4 16. Qxb7 Qd7 17. Bd1 Ra7 18. Qb5 Rea8 19. Rb4 Ra6 20. Qb7 R6a7 21. Qxd7 N6xd7 22. Bxa4 Nb8 23. Rab1 Nfd7 24. Bc1 Bf6 25. Bd1 Bd8 26. Ra4 Rxa4 27. Nxa4 Kg7 28. h3 Na6 29. Be2 Nc7 30. Nb6 Rb8 31. Nxd7 Rxb1 32. Nxb1 Bxd7 33. Bd2 Ne6 34. Bc3 f5 35. Na3 Bc7 36. Nc2 Kh6 37. Nb4 Ba5 38. Nxd5 cxd5 39. Bxa5 Bc6 40. Kf1 g5 41. Ke1 f4 42. Bg4 Nf8 43. exf4 gxf4 44. Bd2 Ng6 45. g3 Kg5 46. gxf4+ Nxf4 47. Be3 h5 48. Bc8 h4 49. Kd2 Be8 50. Kc3 Bg6 51. c6 Bf5 52. Bd7 Kf6 53. Bxf5 Kxf5 54. Bxf4 1-0

[Event "Paul Keres mem (22nd)"]
[Site "Vancouver CAN"]
[Date "1997.05.17"]
[Round "3.9"]
[White "Spicer, Christopher"]
[Black "Neufahrt, Gerhard"]
[Result "0-1"]
[WhiteElo "1853"]
[BlackElo "2172"]
[PlyCount "36"]
[GameId "2160767911965908"]
[EventDate "1997.05.16"]
[EventType "swiss"]
[EventRounds "7"]
[EventCountry "CAN"]

1. e4 e5 2. Nf3 Nc6 3. d4 exd4 4. Nxd4 Bc5 5. Be3 Qf6 6. c3 d6 7. Bc4 Ne5 8. Be2 Qg6 9. f3 Nf6 10. Rg1 d5 11. Na3 O-O 12. h3 dxe4 13. fxe4 Qg3+ 14. Bf2 Qf4 15. Qd2 Nd5 16. Nac2 Re8 17. Be3 Nd3+ 18. Kd1 Nxe3+ 0-1

[Event "Paul Keres mem (22nd)"]
[Site "Vancouver CAN"]
[Date "1997.05.17"]
[Round "3.10"]
[White "Bronstein, Samuel"]
[Black "Haukenfrers, Dale"]
[Result "0-1"]
[WhiteElo "1635"]
[BlackElo "2141"]
[PlyCount "84"]
[GameId "2160767911965909"]
[EventDate "1997.05.16"]
[EventType "swiss"]
[EventRounds "7"]
[EventCountry "CAN"]

1. d4 Nf6 2. c4 g6 3. Nc3 d5 4. e3 Bg7 5. Nf3 O-O 6. cxd5 Nxd5 7. Bd2 c5 8. Bc4 Nb6 9. Bb3 cxd4 10. exd4 Bxd4 11. Bh6 Bg7 12. Bxg7 Kxg7 13. Qe2 Nc6 14. Rd1 Qc7 15. O-O Bg4 16. h3 Bxf3 17. Qxf3 Rad8 18. Rxd8 Qxd8 19. Rd1 Qc7 20. Ne2 Qe5 21. Nc3 e6 22. Qe2 Qxe2 23. Nxe2 Rd8 24. Rxd8 Nxd8 25. f4 Nc6 26. Kf2 Kf6 27. Ke3 Ke7 28. g4 h6 29. g5 h5 30. Nc3 Kd7 31. Ne4 Ne7 32. Bc2 Nf5+ 33. Kd3 Nd5 34. Nf6+ Nxf6 35. gxf6 Kd6 36. Kc3 Ne3 37. Be4 Nd5+ 38. Bxd5 Kxd5 39. Kd3 e5 40. Ke3 Ke6 41. Ke4 exf4 42. Kxf4 Kxf6 0-1

[Event "Paul Keres mem (22nd)"]
[Site "Vancouver CAN"]
[Date "1997.05.17"]
[Round "3.12"]
[White "Berg, Michael"]
[Black "Wright, Stephen"]
[Result "1/2-1/2"]
[WhiteElo "1500"]
[BlackElo "2298"]
[PlyCount "112"]
[GameId "2160767911965910"]
[EventDate "1997.05.16"]
[EventType "swiss"]
[EventRounds "7"]
[EventCountry "CAN"]

1. d4 d5 2. c4 Nc6 3. Nc3 dxc4 4. Nf3 Nf6 5. e3 Bg4 6. Bxc4 e6 7. O-O a6 8. a3 Bd6 9. Be2 O-O 10. b4 e5 11. d5 Ne7 12. e4 Ng6 13. Bg5 h6 14. Be3 Nh5 15. Nd2 Bxe2 16. Nxe2 Qe7 17. Ng3 Nxg3 18. hxg3 a5 19. Nc4 axb4 20. Nxd6 Qxd6 21. axb4 Rxa1 22. Qxa1 Qxb4 23. f3 Qd6 24. Rc1 Rc8 25. Qa7 b6 26. Bxb6 c6 27. Qb7 Rb8 28. Rxc6 Rxb7 29. Rxd6 Kf8 30. Bc5 Ke8 31. Rb6 Rc7 32. Rb5 Kd7 33. Kf2 h5 34. Ke3 h4 35. gxh4 Nxh4 36. g3 Ng6 37. Ra5 Nh8 38. Ra7 Rxa7 39. Bxa7 f6 40. f4 g6 41. fxe5 fxe5 42. Kd3 Nf7 43. Bc5 Ke8 44. Be3 Nd6 45. Bg5 Nf7 46. Bf6 Kd7 47. g4 Kc8 48. Be7 Kd7 49. d6 Kc6 50. Kc4 Nh6 51. g5 Nf7 52. Kb4 Nh8 53. Ka5 Nf7 54. Ka6 Nh8 55. Ka7 Nf7 56. Ka6 Nh8 1/2-1/2

[Event "Paul Keres mem (22nd)"]
[Site "Vancouver CAN"]
[Date "1997.05.17"]
[Round "3.13"]
[White "Wu, Howard"]
[Black "Kalef, Justin"]
[Result "1-0"]
[WhiteElo "2084"]
[BlackElo "1866"]
[PlyCount "41"]
[GameId "2160767911965911"]
[EventDate "1997.05.16"]
[EventType "swiss"]
[EventRounds "7"]
[EventCountry "CAN"]

1. e4 e5 2. Nc3 Nf6 3. g3 d5 4. exd5 Nxd5 5. Bg2 c6 6. Nge2 Bc5 7. O-O O-O 8. Nxd5 cxd5 9. d4 exd4 10. Nxd4 Qb6 11. Nb3 d4 12. Bf4 Nc6 13. Qh5 Be7 14. Rfe1 Be6 15. Rad1 Bf6 16. Qc5 Rfd8 17. Be4 Bxb3 18. Qxb6 axb6 19. axb3 Ra2 20. Bc7 Rd7 21. Bxc6 1-0

[Event "Paul Keres mem (22nd)"]
[Site "Vancouver CAN"]
[Date "1997.05.17"]
[Round "3.14"]
[White "Harris, Philip"]
[Black "Slambor, Jiri"]
[Result "1/2-1/2"]
[WhiteElo "2006"]
[BlackElo "1811"]
[PlyCount "92"]
[GameId "2160767911965912"]
[EventDate "1997.05.16"]
[EventType "swiss"]
[EventRounds "7"]
[EventCountry "CAN"]

1. d4 d5 2. c4 e6 3. Nc3 Nf6 4. e3 a6 5. Nf3 c5 6. Bd3 Nc6 7. O-O Be7 8. b3 O-O 9. Bb2 b6 10. Rc1 Bb7 11. Bb1 Re8 12. Qd3 Nb4 13. Qd2 dxc4 14. bxc4 Bxf3 15. gxf3 Nc6 16. Ne2 Rb8 17. Rfd1 Bd6 18. f4 Qe7 19. Ng3 Rbd8 20. f5 Bxg3 21. hxg3 Ne5 22. Qe2 Neg4 23. fxe6 Qxe6 24. d5 Qd7 25. Qf3 Ne5 26. Qf5 Qxf5 27. Bxf5 Rd6 28. Kg2 g6 29. Bh3 h5 30. a4 a5 31. f3 g5 32. Bf5 g4 33. f4 Nf3 34. Kf2 Ne4+ 35. Kg2 f6 36. Rh1 Ned2 37. Be6+ Rdxe6 38. dxe6 Rxe6 39. Rc3 Rd6 40. Rd1 Ne4 41. Rxd6 Nxd6 42. Rc1 Kf7 43. Ba1 Nd2 44. Kf2 N2e4+ 45. Kg2 Nd2 46. Kf2 N2e4+ 1/2-1/2

[Event "Paul Keres mem (22nd)"]
[Site "Vancouver CAN"]
[Date "1997.05.17"]
[Round "3.15"]
[White "Cabanas, Francisco"]
[Black "Long, Hugh"]
[Result "1/2-1/2"]
[WhiteElo "1985"]
[BlackElo "1735"]
[PlyCount "67"]
[GameId "2160767911965913"]
[EventDate "1997.05.16"]
[EventType "swiss"]
[EventRounds "7"]
[EventCountry "CAN"]

1. e4 d5 2. exd5 Nf6 3. Bb5+ Bd7 4. Bc4 c6 5. dxc6 Nxc6 6. Nf3 Bg4 7. O-O e6 8. Be2 Qd7 9. Nc3 O-O-O 10. d3 h6 11. Bf4 Bd6 12. Bxd6 Qxd6 13. Qd2 e5 14. Rad1 Rhe8 15. Qe3 Nd4 16. Nxd4 exd4 17. Bxg4+ Nxg4 18. Qh3 Qxh2+ 19. Qxh2 Nxh2 20. Kxh2 dxc3 21. bxc3 Re2 22. Rc1 Rde8 23. Kg3 Rd2 24. Rfd1 Rde2 25. d4 g5 26. Rh1 R8e6 27. d5 Ra6 28. Rhe1 Rxe1 29. Rxe1 Kd7 30. Rb1 Kc7 31. Rb2 Ra3 32. Kg4 Rxc3 33. Kh5 Rc5 34. Kxh6 1/2-1/2

[Event "Paul Keres mem (22nd)"]
[Site "Vancouver CAN"]
[Date "1997.05.18"]
[Round "4.2"]
[White "Orlov, Georgi"]
[Black "Adam, Valerian"]
[Result "1-0"]
[WhiteElo "2598"]
[BlackElo "2276"]
[PlyCount "95"]
[GameId "2160767911965915"]
[EventDate "1997.05.16"]
[EventType "swiss"]
[EventRounds "7"]
[EventCountry "CAN"]

1. d4 Nf6 2. c4 b6 3. d5 e6 4. Nc3 Bb4 5. Bd2 c6 6. dxe6 dxe6 7. Nf3 Bb7 8. Qc2 Nbd7 9. a3 Bxc3 10. Bxc3 c5 11. Ne5 O-O 12. O-O-O Qc7 13. Nxd7 Nxd7 14. e3 Rfd8 15. Bd3 Nf8 16. f4 Rd7 17. Qf2 Rad8 18. Qg3 Ng6 19. Bc2 Rxd1+ 20. Bxd1 f5 21. h4 Nf8 22. h5 h6 23. Bf6 Rd7 24. Be5 Qc8 25. Bc2 Bc6 26. Qf2 Qb7 27. Rg1 Be4 28. Ba4 Bc6 29. Bb3 Rf7 30. g4 fxg4 31. Rxg4 Nd7 32. Bc3 Bf3 33. Rg3 Be4 34. Qd2 Bf5 35. Qg2 Qxg2 36. Rxg2 Nf6 37. Bd1 Ne4 38. Be5 Rd7 39. Ba4 Re7 40. Bc6 Kh7 41. b4 Rf7 42. b5 Nf6 43. Rd2 Ng4 44. e4 Nxe5 45. exf5 Nxc4 46. fxe6 Re7 47. Be4+ g6 48. Rd7 1-0

[Event "Paul Keres mem (22nd)"]
[Site "Vancouver CAN"]
[Date "1997.05.18"]
[Round "4.3"]
[White "Yoos, John"]
[Black "Vetemaa, Juri"]
[Result "1/2-1/2"]
[WhiteElo "2414"]
[BlackElo "2532"]
[PlyCount "32"]
[GameId "2160767911965916"]
[EventDate "1997.05.16"]
[EventType "swiss"]
[EventRounds "7"]
[EventCountry "CAN"]

1. e4 g6 2. d4 Bg7 3. Nc3 c6 4. Bc4 d6 5. Qf3 e6 6. Nge2 Nd7 7. Bb3 Ne7 8. Bg5 b5 9. a3 a5 10. O-O Ba6 11. Rfd1 Nb6 12. Ng3 d5 13. h4 h6 14. Bf6 O-O 15. Bxg7 Kxg7 16. h5 Ng8 1/2-1/2

[Event "Paul Keres mem (22nd)"]
[Site "Vancouver CAN"]
[Date "1997.05.18"]
[Round "4.5"]
[White "Ferguson, Jim"]
[Black "Seid, Hee"]
[Result "1-0"]
[WhiteElo "2231"]
[BlackElo "2198"]
[PlyCount "103"]
[GameId "2160767911965917"]
[EventDate "1997.05.16"]
[EventType "swiss"]
[EventRounds "7"]
[EventCountry "CAN"]

1. e4 c5 2. Nf3 d6 3. c3 e6 4. d4 cxd4 5. cxd4 Nf6 6. Bd3 Nc6 7. Nc3 Be7 8. O-O O-O 9. Re1 e5 10. d5 Nb8 11. Nd2 a6 12. a4 Bg4 13. f3 Bh5 14. Nc4 Nbd7 15. Be3 Rc8 16. a5 Nc5 17. Be2 Ne8 18. Nb6 Rc7 19. b4 Nd7 20. Qd2 Bg6 21. b5 Nc5 22. bxa6 bxa6 23. Rab1 f5 24. Rb4 fxe4 25. Nxe4 Bxe4 26. fxe4 Nf6 27. Bf3 Nfd7 28. Bg4 Nf6 29. Bf3 Qe8 30. Rc1 Bd8 31. Bxc5 Rxc5 32. Rxc5 dxc5 33. Rb1 Bc7 34. d6 Bd8 35. Qc3 Qc6 36. Qc4+ Kh8 37. Qd3 g5 38. Nc4 Re8 39. h3 h5 40. Qe3 Qa4 41. Qe2 g4 42. hxg4 hxg4 43. Bxg4 Bxa5 44. Rf1 Bd8 45. Qd3 Nh7 46. Bf5 Ng5 47. d7 Re7 48. Qe2 Kg8 49. Qh5 Qxc4 50. Qxg5+ Kh8 51. Qh6+ Kg8 52. Be6+ 1-0

[Event "Paul Keres mem (22nd)"]
[Site "Vancouver CAN"]
[Date "1997.05.18"]
[Round "4.6"]
[White "Haukenfrers, Dale"]
[Black "Milicevic, Dragoljub"]
[Result "0-1"]
[WhiteElo "2141"]
[BlackElo "2230"]
[PlyCount "112"]
[GameId "2160767911965918"]
[EventDate "1997.05.16"]
[EventType "swiss"]
[EventRounds "7"]
[EventCountry "CAN"]

1. e4 d5 2. exd5 Nf6 3. d4 Nxd5 4. Nf3 Bg4 5. Be2 e6 6. O-O Be7 7. Ne5 Bxe2 8. Qxe2 O-O 9. Nd2 Nd7 10. Ndf3 c5 11. c4 Nxe5 12. dxe5 Nb4 13. Rd1 Qc7 14. a3 Nc6 15. b3 a5 16. Bb2 a4 17. bxa4 Rxa4 18. Rab1 h6 19. Qc2 Rfa8 20. Rd3 Nd4 21. Nxd4 cxd4 22. Rxd4 b5 23. Qd1 Rxc4 24. Rd7 Qc5 25. Bd4 Qxa3 26. Bb2 Qc5 27. Bd4 Qc6 28. Rxe7 Rd8 29. h3 Rcxd4 30. Qh5 Rf4 31. g3 Rxf2 32. Kxf2 Qc5+ 33. Kf1 Qxe7 34. Rxb5 Qd7 35. Qe2 Qc6 36. Kf2 Qc3 37. Rb2 g6 38. Rc2 Qa5 39. Ra2 Qc5+ 40. Qe3 Qd5 41. Re2 Qh1 42. h4 Rd1 43. Qe4 Rf1+ 44. Ke3 Qg1+ 45. Kd2 Qxg3 46. Rg2 Rf2+ 47. Rxf2 Qxf2+ 48. Kc3 Kg7 49. Kc4 Qf5 50. Qd4 g5 51. hxg5 hxg5 52. Kc3 g4 53. Kd2 g3 54. Ke1 Kg6 55. Ke2 g2 56. Qg1 Qxe5+ 0-1

[Event "Paul Keres mem (22nd)"]
[Site "Vancouver CAN"]
[Date "1997.05.18"]
[Round "4.7"]
[White "Kostadinov, George"]
[Black "Chao, Kenneth"]
[Result "1-0"]
[WhiteElo "2182"]
[BlackElo "2068"]
[PlyCount "87"]
[GameId "2160767911965919"]
[EventDate "1997.05.16"]
[EventType "swiss"]
[EventRounds "7"]
[EventCountry "CAN"]

1. d4 Nf6 2. Nc3 c5 3. d5 d6 4. e4 e6 5. Nf3 exd5 6. exd5 Be7 7. h3 O-O 8. Be2 Re8 9. O-O Bf5 10. Bd3 Bxd3 11. Qxd3 Nbd7 12. Bf4 a6 13. a4 Qc7 14. Nd2 Rac8 15. g4 c4 16. Qf3 Ne5 17. Bxe5 dxe5 18. g5 Nd7 19. Nde4 Bb4 20. Rad1 Bxc3 21. Nxc3 Qd6 22. Ne4 Qg6 23. h4 Nc5 24. d6 Red8 25. Nxc5 Rxc5 26. Qxb7 Qe6 27. f3 Qh3 28. Rf2 Qxh4 29. Qe7 Rcc8 30. Qxe5 c3 31. b3 Rd7 32. Rh2 Qb4 33. Re2 g6 34. Re4 Qb6+ 35. Kg2 Rcd8 36. Red4 Qb8 37. Qc5 Rc8 38. Qa5 Rc6 39. Qe5 Rc8 40. Qa5 Rc6 41. Qe5 Qa7 42. Qe8+ Kg7 43. Rh4 Rc5 44. Rxh7+ 1-0

[Event "Paul Keres mem (22nd)"]
[Site "Vancouver CAN"]
[Date "1997.05.18"]
[Round "4.8"]
[White "Berg, Michael"]
[Black "Chapman, Erik"]
[Result "0-1"]
[WhiteElo "1500"]
[BlackElo "1998"]
[PlyCount "98"]
[GameId "2160767911965920"]
[EventDate "1997.05.16"]
[EventType "swiss"]
[EventRounds "7"]
[EventCountry "CAN"]

1. d4 f5 2. Nf3 Nf6 3. c4 e6 4. g3 b6 5. Bg2 Bb7 6. O-O h6 7. Nc3 d5 8. Ne5 g5 9. Qa4+ c6 10. cxd5 exd5 11. Bh3 g4 12. Bg2 Bd6 13. Bf4 Bxe5 14. Bxe5 Nbd7 15. Qc2 Nxe5 16. dxe5 Ne4 17. f3 Nxc3 18. bxc3 Qg5 19. f4 Qg6 20. c4 d4 21. e3 h5 22. exd4 h4 23. Qc3 hxg3 24. hxg3 O-O-O 25. Kf2 Rh2 26. Rh1 Rxg2+ 27. Kxg2 Rxd4 28. Rh8+ Kc7 29. c5 Rd7 30. Rah1 Qe6 31. Qb3 Qxb3 32. axb3 bxc5 33. R8h7 c4 34. bxc4 c5+ 35. Kf2 Bxh1 36. Rxh1 Rd4 37. Rh7+ Kb6 38. Rh6+ Kc7 39. Rh7+ Kd8 40. Rxa7 Rxc4 41. Ra3 Rc2+ 42. Ke1 c4 43. Kd1 Rf2 44. Rc3 Rf3 45. Rxc4 Rxg3 46. Rd4+ Ke7 47. Ke2 Ra3 48. Rd3 Ra4 49. Ke3 Re4+ 0-1

[Event "Paul Keres mem (22nd)"]
[Site "Vancouver CAN"]
[Date "1997.05.18"]
[Round "4.9"]
[White "Wright, Stephen"]
[Black "Higgs, Ian"]
[Result "1/2-1/2"]
[WhiteElo "2298"]
[BlackElo "1950"]
[PlyCount "40"]
[GameId "2160767911965921"]
[EventDate "1997.05.16"]
[EventType "swiss"]
[EventRounds "7"]
[EventCountry "CAN"]

1. d4 Nf6 2. Bg5 g6 3. Bxf6 exf6 4. e3 Bg7 5. g3 O-O 6. Bg2 d5 7. Ne2 c6 8. O-O Re8 9. c4 dxc4 10. Qc2 Bg4 11. Re1 Na6 12. Qxc4 Be6 13. Qa4 Bd5 14. Nbc3 Bxg2 15. Kxg2 Nc7 16. Rab1 Qd7 17. Qc2 Bh6 18. b4 Nd5 19. Nf4 Bxf4 20. gxf4 Qg4+ 1/2-1/2

[Event "Paul Keres mem (22nd)"]
[Site "Vancouver CAN"]
[Date "1997.05.18"]
[Round "4.11"]
[White "Bronstein, Samuel"]
[Black "Wu, Howard"]
[Result "0-1"]
[WhiteElo "1635"]
[BlackElo "2084"]
[PlyCount "100"]
[GameId "2160767911965922"]
[EventDate "1997.05.16"]
[EventType "swiss"]
[EventRounds "7"]
[EventCountry "CAN"]

1. d4 Nf6 2. c4 c5 3. d5 b5 4. cxb5 a6 5. b6 Qxb6 6. Nc3 d6 7. e4 g6 8. Nf3 Bg7 9. Be2 O-O 10. O-O Bg4 11. Nd2 Bxe2 12. Qxe2 Nbd7 13. Nc4 Qc7 14. f4 Nb6 15. Nd2 Nfd7 16. Nf3 Qb7 17. Be3 Nf6 18. Rad1 Ng4 19. Bc1 Rab8 20. h3 Nf6 21. g4 Rfe8 22. g5 Nh5 23. Qg2 Nc4 24. Rf2 Qb4 25. Rc2 Qa5 26. f5 Rb4 27. b3 Na3 28. Bxa3 Qxa3 29. Nb1 Qa5 30. Qg4 c4 31. Nbd2 Qb6+ 32. Kg2 cxb3 33. Nxb3 Qe3 34. Re1 Qf4 35. Qxf4 Nxf4+ 36. Kg3 Nd3 37. Re3 Ne5 38. Nxe5 Bxe5+ 39. Kf3 gxf5 40. exf5 Rf4+ 41. Kg2 Rxf5 42. h4 Rf4 43. Kh3 Rb8 44. Rc7 Rbb4 45. Rxe7 Rxh4+ 46. Kg2 Rh2+ 47. Kf1 Rxa2 48. Rf3 Rh4 49. Kg1 Rg4+ 50. Kf1 Bh2 0-1

[Event "Paul Keres mem (22nd)"]
[Site "Vancouver CAN"]
[Date "1997.05.18"]
[Round "4.12"]
[White "Downey, Glen"]
[Black "Spicer, Christopher"]
[Result "1/2-1/2"]
[WhiteElo "2045"]
[BlackElo "1853"]
[PlyCount "44"]
[GameId "2160767911965923"]
[EventDate "1997.05.16"]
[EventType "swiss"]
[EventRounds "7"]
[EventCountry "CAN"]

1. d4 Nf6 2. Nf3 g6 3. Bg5 Ne4 4. Bh4 d5 5. e3 Bg7 6. Nbd2 Nxd2 7. Qxd2 O-O 8. h3 c5 9. c3 Nc6 10. Bd3 Qd7 11. Bg3 Re8 12. Bb5 a6 13. Ne5 Qe6 14. Ba4 b5 15. Nxc6 Qxc6 16. Bc2 e5 17. O-O Bb7 18. f3 Rac8 19. dxe5 Bxe5 20. Bxe5 Rxe5 21. Rae1 Rce8 22. e4 Qb6 1/2-1/2

[Event "Paul Keres mem (22nd)"]
[Site "Vancouver CAN"]
[Date "1997.05.18"]
[Round "4.13"]
[White "Neufeld, John"]
[Black "Holubowicz, Kazimiercz"]
[Result "1-0"]
[WhiteElo "2005"]
[BlackElo "1764"]
[PlyCount "94"]
[GameId "2160767911965924"]
[EventDate "1997.05.16"]
[EventType "swiss"]
[EventRounds "7"]
[EventCountry "CAN"]

1. d4 d5 2. c4 Nf6 3. Nc3 Bf5 4. Qb3 Nc6 5. e3 Na5 6. Qb5+ c6 7. Qa4 dxc4 8. b4 cxb3 9. axb3 b6 10. b4 Nb7 11. Qxc6+ Qd7 12. Bb5 Kd8 13. Qxb6+ Qc7 14. Qxc7+ Kxc7 15. Nge2 e6 16. Ba3 a5 17. bxa5 Rxa5 18. Bb2 Bb4 19. O-O Rha8 20. Rxa5 Rxa5 21. Ra1 Kb6 22. Rxa5 Kxa5 23. Bc6 Nd6 24. Na2 Nc4 25. Bc3 Bxc3 26. Naxc3 Kb6 27. Bf3 Bg4 28. Bxg4 Nxg4 29. Ne4 h6 30. h3 f5 31. Nc5 Ngxe3 32. fxe3 Nxe3 33. Nxe6 g5 34. Kf2 f4 35. g4 Kc6 36. Nd8+ Kd5 37. Nf7 Ke4 38. Nd6+ Kd5 39. Nf5 Nd1+ 40. Kf3 Nb2 41. Nxh6 Nc4 42. Nf5 Nd2+ 43. Kf2 f3 44. Neg3 Kc4 45. Nf1 Nxf1 46. Kxf1 Kd3 47. d5 Ke4 1-0

[Event "Paul Keres mem (22nd)"]
[Site "Vancouver CAN"]
[Date "1997.05.18"]
[Round "4.14"]
[White "Long, Hugh"]
[Black "Harris, Philip"]
[Result "1/2-1/2"]
[WhiteElo "1735"]
[BlackElo "2006"]
[PlyCount "77"]
[GameId "2160767911965925"]
[EventDate "1997.05.16"]
[EventType "swiss"]
[EventRounds "7"]
[EventCountry "CAN"]

1. d4 d5 2. c4 Nc6 3. Nf3 Bg4 4. e3 e5 5. Be2 Bxf3 6. Bxf3 e4 7. Be2 Nf6 8. Nc3 Bb4 9. Bd2 Bxc3 10. Bxc3 O-O 11. Qb3 Rb8 12. cxd5 Nxd5 13. Bd2 Nce7 14. O-O c6 15. f3 exf3 16. Rxf3 Nf6 17. Raf1 Ned5 18. Bd3 Qe7 19. Re1 Ne4 20. Bxe4 Qxe4 21. Ref1 f5 22. Rf4 Qe6 23. R4f3 Rf6 24. Be1 b6 25. Bg3 Rc8 26. Be5 Rff8 27. Qa3 Rf7 28. e4 Ne7 29. Qxa7 Ng6 30. exf5 Rxa7 31. fxe6 Nxe5 32. dxe5 Re7 33. Rf7 Rxe6 34. Rb7 Rxe5 35. Rff7 Rg5 36. Kf2 Rd8 37. Rfe7 b5 38. g3 h6 39. Rbd7 1/2-1/2

[Event "Paul Keres mem (22nd)"]
[Site "Vancouver CAN"]
[Date "1997.05.18"]
[Round "4.15"]
[White "Slambor, Jiri"]
[Black "Cabanas, Francisco"]
[Result "1/2-1/2"]
[WhiteElo "1811"]
[BlackElo "1985"]
[PlyCount "39"]
[GameId "2160767911965926"]
[EventDate "1997.05.16"]
[EventType "swiss"]
[EventRounds "7"]
[EventCountry "CAN"]

1. d4 Nf6 2. c4 e6 3. Nf3 b6 4. Bg5 Bb7 5. e3 Be7 6. Nc3 Ne4 7. Bxe7 Qxe7 8. Nxe4 Bxe4 9. Be2 Qb4+ 10. Qd2 Qxd2+ 11. Nxd2 Bxg2 12. Rg1 Bb7 13. Rxg7 Kf8 14. Rg1 c5 15. Bf3 Bxf3 16. Nxf3 cxd4 17. Nxd4 Nc6 18. Nxc6 dxc6 19. O-O-O Ke7 20. Rg4 1/2-1/2

[Event "Paul Keres mem (22nd)"]
[Site "Vancouver CAN"]
[Date "1997.05.18"]
[Round "5.2"]
[White "Afrah, Navid"]
[Black "Yoos, John"]
[Result "1/2-1/2"]
[WhiteElo "2251"]
[BlackElo "2414"]
[PlyCount "75"]
[GameId "2160767911965928"]
[EventDate "1997.05.16"]
[EventType "swiss"]
[EventRounds "7"]
[EventCountry "CAN"]

1. e4 c5 2. Nf3 d6 3. d4 cxd4 4. Nxd4 Nf6 5. Nc3 g6 6. Be2 Bg7 7. O-O O-O 8. Bg5 Nc6 9. Nb3 Be6 10. Re1 Rc8 11. Bf1 Ne5 12. Nd5 Bxd5 13. exd5 Re8 14. Qd2 Qc7 15. Bb5 Rf8 16. Rac1 h6 17. Bxh6 Bxh6 18. Qxh6 Qb6 19. Be2 Nxd5 20. c4 Nf6 21. Rc3 Qxf2+ 22. Kxf2 Nfg4+ 23. Bxg4 Nxg4+ 24. Kf1 Nxh6 25. Rxe7 Rb8 26. Rd3 Rfc8 27. Nd2 Nf5 28. Re4 Rc6 29. h3 b5 30. Kf2 Kf8 31. g4 bxc4 32. Nxc4 Ne7 33. Rxd6 Rxb2+ 34. Nxb2 Rxd6 35. Nc4 Ra6 36. a3 Nd5 37. Re5 Re6 38. Kg3 1/2-1/2

[Event "Paul Keres mem (22nd)"]
[Site "Vancouver CAN"]
[Date "1997.05.18"]
[Round "5.3"]
[White "Milicevic, Dragoljub"]
[Black "Ross, Paul"]
[Result "1/2-1/2"]
[WhiteElo "2230"]
[BlackElo "2327"]
[PlyCount "139"]
[GameId "2160767911965929"]
[EventDate "1997.05.16"]
[EventType "swiss"]
[EventRounds "7"]
[EventCountry "CAN"]

1. c4 g6 2. g3 Bg7 3. Bg2 d6 4. Nf3 f5 5. d4 Nf6 6. O-O O-O 7. Nc3 Qe8 8. d5 Na6 9. Rb1 Bd7 10. Nd4 c6 11. dxc6 bxc6 12. b4 e5 13. Nc2 Qe6 14. b5 Qxc4 15. bxa6 Qxc3 16. Bb2 Qc4 17. Qxd6 Qxc2 18. Bxe5 Rad8 19. Rb7 Qxa2 20. Bxf6 Rxf6 21. Qe7 Rff8 22. Rxd7 Rxd7 23. Qxd7 Qxa6 24. Rb1 c5 25. Rb7 Qa1+ 26. Bf1 a5 27. Ra7 Qd4 28. Qe6+ Kh8 29. e3 Qc3 30. Kg2 g5 31. Bc4 f4 32. Rf7 Rb8 33. gxf4 gxf4 34. Rxf4 Qe5 35. Qg4 a4 36. Rf5 Qe7 37. Rh5 Bf6 38. Qf5 Qg7+ 39. Kh3 Be7 40. Bd3 h6 41. Qe6 Bf8 42. Rh4 Rb7 43. Rf4 Qe7 44. Qf5 Qd7 45. Qxd7 Rxd7 46. Rxf8+ Kg7 47. Rc8 Rxd3 48. Rxc5 a3 49. Ra5 Rd2 50. Kg3 a2 51. h4 h5 52. f3 Kf6 53. Kf4 Rh2 54. Ra6+ Ke7 55. Ke5 Kd7 56. f4 Rb2 57. f5 Rb5+ 58. Kf4 Rb4+ 59. e4 Rb2 60. e5 Rg2 61. e6+ Ke7 62. Ra7+ Kd6 63. e7 Rg4+ 64. Kf3 Rg8 65. e8=N+ Rxe8 66. Rxa2 Rg8 67. Re2 Rg4 68. Re4 Rg1 69. Re8 Ra1 70. Kg3 1/2-1/2